000 00382nam a22001217a 4500
008 230621b xxu||||| |||| 00| 0 eng d
082 _a328.4
_bCPA
100 _cCommonwealth Parliamentary Association
245 _aSummary of proceedings at the Thirteenth Parliamentary seminar
260 _aEngland
_bCommonwealth Parliamentary Association
_c1981
300 _a114p
942 _2ddc
_cBK
999 _c2144
_d2144